00458nam a2200133 a 45000010005000000030005000050050017000100080041000270200015000680400020000831000021001032450169001242600031002932686CDMR20130322122926.0130130s2004||||||||||||||||||||||||||||d a8487178197 aCDMRbcatcCDMR1 aGomis, Llorenç10aLunas y lunescde Lorenzo Gomis ; una selección de artículos con dibujos de Krahn ; prólogo de Lluís Foix ; antología a cargo de J. A. González Casanova aBarcelonac2004bEl Ciervo